000 01546nam a2200409 i 4500
001 87997
003 FINmELB
005 20241217171616.0
006 m o u
007 cr cn|||||||||
008 191210s2018 sp ob 000 0 spa d
020 _a9788437636269
_q(e-book)
035 _a(OCoLC)1134695326
040 _aFINmELB
_bspa
_erda
_cFINmELB
050 1 4 _aLB1043
_bA912 2018
080 _a37.02
082 0 4 _a371.33
_223
245 0 3 _aEl audiovisual en la era digital /
_cLuis A. Albornoz, Ma. Trinidad García Leiva (eds.).
264 1 _aMadrid :
_bEdiciones Cátedra,
_c2018.
300 _a1 recurso en línea (199 páginas)
336 _atexto
_btxt
_2rdacontent/spa
337 _acomputadora
_bc
_2rdamedia/spa
338 _arecurso en línea
_bcr
_2rdacarrier/spa
490 1 _aSigno e imagen ;
_v171
504 _aContiene bibliografía.
588 _aDescripción basada en metadatos suministrados por el editor y otras fuentes.
590 _aRecurso electrónico. Santa Fe, Arg.: elibro, 2019. Disponible vía World Wide Web. El acceso puede estar limitado para las bibliotecas afiliadas a elibro.
650 0 _aAudio-visual communication.
650 4 _aComunicación audiovisual.
655 4 _aLibros electrónicos.
700 1 _aGarcía Leiva, María Trinidad,
_eeditor.
700 1 _aAlbornoz Espiñeira, Luis Alfonso,
_eeditor.
797 2 _aelibro, Corp.
830 0 _aSigno e imagen ;
_v171.
856 4 0 _uhttps://elibro.net/ereader/politecnicointernacional/122963
999 _c87997
_d87997